Estrategias de enseñanza y aprendizaje: formación del profesorado y aplicación en la escuela

Enregistré dans:
Détails bibliographiques
Auteurs principaux: Monereo Font, Carles (autor), Castelló Badia, Montserrat (Auteur), Muntada, Mercè Clariana (Auteur), Palma Muñoz, Montserrat (Auteur), Pérez Cabaní, María Lluïsa (Auteur)
Format: Livre
Langue:espagnol
Publié: Barcelona Graó 2000
Édition:8a. ed
Collection:Pedagogía, 112
Sujets:
Tags: Ajouter un tag
Pas de tags, Soyez le premier à ajouter un tag!

MARC

LEADER 00000nam a2200000 a 4500
001 UCN0776
003 CL-VaPUC
008 010330e20000000SP |||||||||||||||||spa|d
020 |a 8478271589 
082 0 4 |a 371.27  |b MON  |2 21 
100 |a Monereo Font, Carles  |e autor  |9 553934 
700 0 |a Castelló Badia, Montserrat  |e author  |9 455992 
700 0 |a Muntada, Mercè Clariana  |e author  |9 455993 
700 0 |a Palma Muñoz, Montserrat  |e author  |9 455994 
700 0 |a Pérez Cabaní, María Lluïsa  |e author  |9 455995 
245 1 0 |a Estrategias de enseñanza y aprendizaje: formación del profesorado y aplicación en la escuela 
250 |a 8a. ed 
300 |a 191 p 
942 |c BK 
945 |d 20010330 00:00:00  |a vberengu 
260 |a Barcelona  |b Graó  |c 2000 
650 0 |a Currículo  |9 307290 
650 0 |a Docentes  |9 311365 
650 0 |a Métodos de enseñanza  |9 270413 
583 |a last modification  |c 20170927 10:40:57  |k Rodrigo Vera 
490 0 |a Pedagogía, 112 
999 |c 294401  |d 294399 
952 |0 0  |1 0  |4 0  |6 371_270000000000000_MON_2000  |7 0  |8 A  |9 346785  |a BIBEDU  |b BIBEDU  |d 2019-11-20  |i 3707113  |l 2  |m 1  |o 371.27 MON 2000  |p 3707113  |r 2024-06-06  |s 2024-05-23  |w 2019-11-20  |y BK  |k LIT 
952 |0 0  |1 0  |4 0  |6 371_270000000000000_MON_2000  |7 0  |8 A  |9 346786  |a BIBMAT  |b BIBMAT  |c E_DIDACT  |d 2019-11-20  |i 4299795  |o 371.27 MON 2000  |p 4299795  |r 2025-01-07  |w 2019-11-20  |y BK  |k MAT 
952 |0 0  |1 0  |4 0  |6 371_270000000000000_MON_2000  |7 0  |8 A  |9 346787  |a BIBMAT  |b BIBMAT  |c E_DIDACT  |d 2019-11-20  |i 4299809  |o 371.27 MON 2000  |p 4299809  |r 2025-01-07  |w 2019-11-20  |y BK  |k MAT 
952 |0 0  |1 0  |4 0  |6 371_270000000000000_MON_2000  |7 0  |8 A  |9 346788  |a BIBMAT  |b BIBMAT  |c E_DIDACT  |d 2019-11-20  |i 4299817  |o 371.27 MON 2000  |p 4299817  |r 2025-01-07  |w 2019-11-20  |y BK  |k MAT 
952 |0 0  |1 0  |4 0  |6 371_270000000000000_MON_2000  |7 0  |8 A  |9 346789  |a BIBMAT  |b BIBMAT  |c E_DIDACT  |d 2019-11-20  |i 4299825  |o 371.27 MON 2000  |p 4299825  |r 2025-01-07  |w 2019-11-20  |y BK  |k MAT 
952 |0 0  |1 0  |4 0  |6 371_270000000000000_MON_2000  |7 0  |8 A  |9 346790  |a BIBCUR  |b BIBCUR  |d 2019-11-20  |i 3999491  |o 371.27 MON 2000  |p 3999491  |r 2025-04-22  |w 2019-11-20  |y BK  |k BCB